| 000 | 00427 a2200169 4500 | ||
|---|---|---|---|
| 020 | _a9780415253857 | ||
| 024 | _a9780415253857 | ||
| 082 | _a157.209033 | ||
| 090 |
_c6976 _d6976 |
||
| 100 | _aFoucault,Michel | ||
| 245 |
_aFoucault. _bMadness and Civilization. _cMichel Foucault |
||
| 250 | _a1st. | ||
| 260 |
_aNew York _bRoultuedge _c1967 |
||
| 300 | _a282p. | ||
| 500 | _aPaper cover | ||
| 942 |
_aNBS _cBK _k157.209033 FOU |
||
| 999 |
_c349310 _d349310 |
||